Dopływy rzeki Bzury - Statystyki

Ogólne statystyki
  • Ten quiz został rozwiązany 4 razy
  • Średni wynik to 6 z 21
Statystyki odpowiedzi
Strona Nazwa rzeki % Poprawnych
Prawy Rawka
100%
Prawy Skierniewka
67%
Lewy Czartówka
33%
Lewy Ochnia
33%
Prawy Pisia
33%
Lewy Sokołówka
33%
Prawy Starówka
33%
Prawy Sucha
33%
Prawy Łagiewniczanka
33%
Prawy Łasica
33%
Prawy Uchanka
33%
Prawy Utrata
33%
Lewy Witonia
33%
Prawy Zwierzyniec
33%
Prawy Bobrówka
0%
Lewy Igła
0%
Prawy Linda
0%
Prawy Malinówka
0%
Prawy Moszczenica
0%
Prawy Mroga
0%
Lewy Słudwia
0%
Nie znaleziono quizów pasujących do podanych kryteriów
Rozkład punktacji
Procent ludzi z każdym wynikiem
Percentyl według liczby udzielonych odpowiedzi
Twoja historia wyników
Nie rozwiązałeś tego quizu